000 00693nam a2200205 a 4500
001 3310
005 20140414131909.0
008 040601s19uu xx 00 eng d
020 _a0-394-87336-X
050 _aER
_bB35 1986
100 _aBerenstain, Stan
245 _aBerenstain Bears' (The): trouble at school /
_cStan and Jan Berenstain.
260 _aNew York:
_bRandom House,
_c1986.
300 _a1 v. (unp.) : ill. ; cm.
440 _aA First Time Book
520 _aWhen Brother Bear returns to school after being out sick, he gets into a mess that gets worse until Gramps given him some advice.
650 _aBears--Fiction.
650 _aSchools--Fiction.
999 _c111113
_d111113